Türk Ermeni ilişkileri (Record no. 2151)

MARC details
000 -BAŞLIK
Sabit Uzunlukta Kontrol Alanı 00933na a2200301 4500
001 - KONTROL NUMARASI
Denetim Alanı 14413
003 - KONTROL NUMARASI IDENTIFIER
Denetim Alanı MIRAKIL
005 - SON İŞLEM TARİHİ VE ZAMANI
Denetim Alanı 20181213154847.0
008 - SABİT-BOY VERİ ELEMANLARI - GENEL BİLGİLER
Sabit Uzunlukta Kontrol Alanı 161101b tu 000 0
020 ## - ULUSLARARASI STANDART KİTAP NUMARASI
Uluslararası Standart Kitap Numarası 9786056028458
035 ## - SİSTEM KONTROL NUMARASI
Sistem Kontrol Numarası 14413
040 ## - KATALOGLAMA KAYNAK
Orijinal Kataloglama Ajansı Milas
Kataloglama Dili tur
Metne Dönüştürmek Ajansı TR-AnCHP
041 ## - DİL KODU
Metin / Ses Parça Veya Ayrı Başlığın Dil Kodu tur
082 ## - DEWEY ONLU SINIFLANDIRMA NUMARASI
Sınıflandırma Numarası 323.119192056
Ürün Numarası G96t 2009
090 ## - SINIFLAMA NUMARASI
Sınıflama Numarası 323.119192056 G96t 2009
100 ## - ANA GİRİŞ - KİŞİSEL İSİM
Kişisel Ad Gürel, Ahmet
245 ## - BAŞLIK TABLOSU
Başlık Türk Ermeni ilişkileri
Başlığın Kalan Yabancı belgeler ışığında
-- dünü ve bugünü
Sorumluluk Tablosu, Vb Ahmet Gürel
246 ## - UNVAN FORM VARYING
Başlık Doğru / Kısa Başlığı Yabancı belgeler ışığında
260 ## - YAYIN, DAĞITIM, VB
Yayın, Dağıtım, Vb Yeri İzmir
Yayıncı, Dağıtıcı, Vs Adı Şenocak Yayınları
Yayın, Dağıtım, Vb Tarihi 2009
300 ## - FİZİKSEL TANIM
Kapsam 402 s.
Boyutlar 20 sm.
490 ## - SERİSİ TABLOSU
Seri Beyanı Şenocak Yayınları
Hacim / Ardışık Tanımı 16
504 ## - KAYNAKÇA VB NOT
Kaynakça Vb Notu Kaynakça var.
650 ## - KONU KATMA GİRİŞ - TOPİKAL DÖNEM
Topikal Süreli Veya Coğrafi Ad Giriş Elemanı Ermeniler
Form Alt Bölümü Dış ilişkiler
Kronolojik Alt Bölümü Tarih
Coğrafi Alt Bölümü Türkiye
650 ## - KONU KATMA GİRİŞ - TOPİKAL DÖNEM
Topikal Süreli Veya Coğrafi Ad Giriş Elemanı Ermeni sorunu
Coğrafi Alt Bölümü Türkiye
650 ## - KONU KATMA GİRİŞ - TOPİKAL DÖNEM
Topikal Süreli Veya Coğrafi Ad Giriş Elemanı Ermeniler
Genel Alt Bölümü Tarih
Coğrafi Alt Bölümü Türkiye
651 ## - KONU KATMA GİRİŞ - COĞRAFİ ADI
Coğrafi İsim Türkiye
Genel Alt Bölümü Etnik ilişkiler
Kronolojik Alt Bölümü Ermeniler
-- Tarih
942 ## - EKLENDİ GİRİŞ ELEMANLARI (KOHA)
Sınıflandırma Veya Raf Düzeni Kaynak Dewey Decimal Classification
Koha Öğesi Türü Books
999 ## - SİSTEM KONTROL NUMARALARI (KOHA)
Koha Biblionumber 2151
Koha Biblioitemnumber 2151
Holdings
Kalıcı Konum Mevcut Konum Edinme Tarihi Edinim Kaynak Toplam Check-Out'Lar Tam Çağrı Numarası Barkod Tarih Son Görülme İtibaren Geçerli Fiyatlar Koha Öğesi Türü
CHP Kütüphanesi CHP Kütüphanesi 08/27/2016 Bağış   323.119192056 G96t 2009 002307 08/27/2016 08/27/2016 Books